| 000 | 00457nam a22001817a 4500 | ||
|---|---|---|---|
| 005 | 20200316101939.0 | ||
| 008 | 200316b xxu||||| |||| 00| 0 eng d | ||
| 020 | _a9788125600756 | ||
| 041 | _aeng | ||
| 082 | _a615.321 4 | ||
| 100 |
_aSARDANA, DR.S _95184 |
||
| 245 | _aA TEXTBOOK OF PHARMACEUTICAL BIOLOGY | ||
| 250 | _a7th, 2018 | ||
| 260 |
_aDELHI _bBIRLA PUBLICATION PVT. LTD _c1993 |
||
| 300 | _a260; xiv | ||
| 650 |
_aPHARMACY _95189 |
||
| 942 | _cBK | ||
| 999 |
_c6103 _d6101 |
||